Primer of modern analysis : directions for knowing all dark things, Rhind papyrus, 1800 B.C.
Saved in:
| Main Author: | |
|---|---|
| Format: | Book |
| Language: | English |
| Published: |
New York :
Springer-Verlag,
c1983
|
| Series: | Undergraduate texts in mathematics
|
| Subjects: | |
| Tags: |
Add Tag
No Tags, Be the first to tag this record!
|
MARC
| LEADER | 00000cam a2200000 i 4500 | ||
|---|---|---|---|
| 001 | 1/31043 | ||
| 008 | 941103r1983 eng d | ||
| 020 | |a 0387907971 | ||
| 035 | |l 10038725 | ||
| 040 | |a GR-MY-UA |b gre |e aacr | ||
| 041 | 0 | |a eng | |
| 082 | 0 | |a 515. |2 (19) | |
| 100 | 1 | |a Smith, Kennan T. |d 1926- | |
| 245 | 1 | 0 | |a Primer of modern analysis : |b directions for knowing all dark things, Rhind papyrus, 1800 B.C. / |c Kennan T. Smith |
| 260 | |a New York : |b Springer-Verlag, |c c1983 | ||
| 300 | |a xv, 446 p.; |c 24 cm | ||
| 490 | 1 | |a Undergraduate texts in mathematics | |
| 500 | |a Originally published: New York? : Bogden & Quigley, 1971 | ||
| 500 | |a Includes index | ||
| 650 | 0 | 0 | |a Mathematical analysis. |
| 830 | 0 | |a Undergraduate texts in mathematics | |
| 852 | |a INST |b SAMOS |e 19941103 |h 515 SMI |p 005300006815 |q 005300006815 |t BK |y 0 | ||
| 909 | |a Σ |b 029424 | ||